Statistics for Olympics men's rowing double sculls Top 4 Positions

Click here to take the quiz!

General Stats

  • This quiz has been taken 10 times
  • The average score is 25 of 29

Answer Stats

Answer% Correct
Australia
100%
Austria
100%
Belgium
100%
Brazil
100%
Canada
100%
France
100%
Germany
100%
Great Britain
100%
Italy
100%
Netherlands
100%
New Zealand
100%
Norway
100%
Poland
100%
Switzerland
100%
United States
100%
West Germany
100%
Bulgaria
88%
China
88%
Croatia
88%
Denmark
88%
Soviet Union
88%
Argentina
75%
Slovenia
75%
Czechoslovakia
63%
East Germany
63%
Estonia
63%
Yugoslavia
63%
Lithuania
50%
Uruguay
38%

Score Distribution

Percentile by Number Answered

Percent of People with Each Score

Your Score History

You have not taken this quiz